000 00369nam a2200145 i 4500
001 63618
003 ES-MaACL
005 20230906164927.0
007 t|
008 031215s1962 sp ||||1| spa d
245 0 0 _aFestividades del año litúrgico.
260 _aZaragoza :
_bLuis Vives,
_c[1962]
300 _a614 p. ;
_c24 cm.
852 _aES-MaACL
_jC-23878
_bR.51853
999 _c63618
_d63618